Mejoramiento genético II (Registro nro. 16472)

Detalles MARC
000 -CABECERA
Campo de control 007430000a22002410004500
041 0# - IDIOMA
Código de idioma para texto/pista de sonido o título separado
090 ## - CLASIFICACIÓN LOCAL
Colección MM
Consecutivo 00002
041 0# - IDIOMA
Código de idioma para texto/pista de sonido o título separado
110 1# - ASIENTO PRINCIPAL--NOMBRE CORPORATIVO
Nombre corporativo o de jurisdicción como elemento de entrada Instituto Nacional de los Recursos Renovables y del Ambiente
-- INDERENA
245 10 - MENCION DE TITULO
Título Mejoramiento genético II
260 ## - PUBLICACION, DISTRIBUCION, ETC. (PIE DE IMPRENTA)
Lugar de publicación, distribución, etc. Bogotá
Nombre del editor, distribuidor, etc. INDERENA
Fecha de publicación, distribución, etc. 1992
300 ## - DESCRIPCION FISICA
Extensión 20 min
Otros detalles físicos BETA
650 14 - ASIENTO SECUNDARIO DE MATERIA - TERMINO TEMATICO
Término temático o nombre geográfico como elemento de entrada Bosques
650 14 - ASIENTO SECUNDARIO DE MATERIA - TERMINO TEMATICO
Término temático o nombre geográfico como elemento de entrada Cultivos forestales
650 14 - ASIENTO SECUNDARIO DE MATERIA - TERMINO TEMATICO
Término temático o nombre geográfico como elemento de entrada Silvicultura
650 14 - ASIENTO SECUNDARIO DE MATERIA - TERMINO TEMATICO
Término temático o nombre geográfico como elemento de entrada Mejoramiento genético forestal
650 14 - ASIENTO SECUNDARIO DE MATERIA - TERMINO TEMATICO
Término temático o nombre geográfico como elemento de entrada Mejoramiento de semillas
651 #4 - ASIENTO SECUNDARIO DE MATERIA - NOMBRE GEOGRAFICO
-- Caldas
-- Colombia
651 #4 - ASIENTO SECUNDARIO DE MATERIA - NOMBRE GEOGRAFICO
-- Cauca
-- Colombia
651 #4 - ASIENTO SECUNDARIO DE MATERIA - NOMBRE GEOGRAFICO
-- Córdoba
-- Colombia
653 ## - TERMINO DE INDIZACION - NO CONTROLADO
-- Pinaceae
-- Pinus
-- Pinus patula
942 ## - ELEMENTOS ADICIONALES (KOHA)
Tipo de ítem CD-ROM
Existencias
Withdrawn status Lost status Sistema de Clasificación Damaged status No para préstamo Colección Ubicación Permanente Ubicación actual Fecha de adquisición Fuente de Valor Total Checkouts Número topográfico Inventario / Código de Barras Date last seen Ejemplar Price effective from Forma de adquisición Tipo de material
    Local     Audiovisual Bogotá Bogotá 09/02/2017 Inderena   AV-00002 018184 25/03/2015 Ej. 1 25/03/2015 Donación Betamax
    Local     Audiovisual Bogotá Bogotá 09/02/2017 Inderena   AV-00002 018183 25/03/2015 Ej. 2 25/03/2015 Donación Betamax
    Local     Audiovisual Bogotá Bogotá 09/02/2017 Inderena   AV-00002 018225 25/03/2015 Ej. 3 25/03/2015 Donación Betamax
    Local     Audiovisual Bogotá Bogotá 09/02/2017 Inderena   AV-00002 018226 25/03/2015 Ej. 4 25/03/2015 Donación Betamax
          Audiovisual Villa de Leyva Villa de Leyva 27/02/2015 INDERENA   MM 00002 AUTO_19850 25/03/2015   25/03/2015   CD-ROM
          Audiovisual Villa de Leyva Villa de Leyva 27/02/2015 INDERENA   MM 00002 AUTO_19851 25/03/2015   25/03/2015   CD-ROM
          Audiovisual Villa de Leyva Villa de Leyva 27/02/2015 INDERENA   MM 00002 AUTO_19852 25/03/2015   25/03/2015   CD-ROM
          Audiovisual Villa de Leyva Villa de Leyva 27/02/2015 INDERENA   MM 00002 AUTO_19853 25/03/2015   25/03/2015   CD-ROM